Journal of Sino-Western communications

Detalles Bibliográficos
Autor Corporativo: Institute of Sino-Western Communications
Formato: Electrónico Revista
Lenguaje:chino
inglés
Publicado: Alameda, CA : Institute of Sino-Western Communications
Materias:
Acceso en línea:Full text available from Research Library: 12/01/2009 to 12/31/2015

MARC

LEADER 00000nas a22000007a 4500
001 ssj0000547811
003 WaSeSS
005 20200512172242.0
006 m d
007 cr n
008 090126c20099999caufr pss | a0chi c
010 |a  2009202151 
022 |a 1946-6188  |y 2153-0114 
035 |a (WaSeSS)ssj0000547811 
037 |b Institute of Sino-Western Communications, 1160 Regent St., Suite B, Alameda, CA 94501  |c open access 
040 |a NSD  |b eng  |c NSD  |d NSD  |d DLC  |d OCLCQ  |d DKU  |d OCLCO  |d VT2  |d OCLCO  |d OCLCF  |d OCLCQ  |d AU@  |d DLC  |d WaSeSS 
041 0 |a eng  |a chi 
042 |a nsdp  |a msc 
043 |a a-cc--- 
082 1 0 |a 303.48  |2 14 
222 0 |a Journal of Sino-Western communications  |b (Online) 
245 0 0 |a Journal of Sino-Western communications  |h [electronic resource]. 
246 1 3 |a JSWC 
246 1 3 |6 880-01  |a Zhong Xi wen hua jiao liu xue bao 
260 |a Alameda, CA :  |b Institute of Sino-Western Communications 
310 |a Twice a year 
362 1 |a Began with v. 1, issue 1 (Dec. 2009). 
506 |a License restrictions may limit access. 
546 |a Text in English and Chinese. 
588 |a Description based on: Vol. 1, issue 1 (Dec. 2009); title from contents page (Institute of Sino-Western Communications, viewed Mar. 17, 2010). 
650 0 |a Civilization, Western  |x Chinese influences  |v Periodicals. 
650 7 |a Civilization, Western  |x Chinese influences.  |2 fast  |0 (OCoLC)fst00863142 
651 0 |a China. 
651 7 |a China.  |2 fast  |0 (OCoLC)fst01206073 
655 0 |a Electronic journals. 
710 2 |a Institute of Sino-Western Communications. 
776 0 8 |i Print version:  |t Journal of Sino-Western communications  |x 2153-0114  |w (DLC) 2010207806  |w (OCoLC)500865067 
856 4 0 |z Full text available from Research Library: 12/01/2009 to 12/31/2015  |u https://search.proquest.com/publication/237823 
880 1 3 |6 246-01/$1  |a 中西文化交流学报